| 000 | 00581nam a22001697a 4500 | ||
|---|---|---|---|
| 005 | 20251108165001.0 | ||
| 008 | 250721s1988 xx 000 0 ara d | ||
| 082 | 1 | 4 | _a657.64/عبد |
| 100 | 1 | _aعثمان، عبد الرزاق محمد | |
| 245 | 1 | 0 | _aأصول التدقيق و الرقابة الداخلية / |
| 264 | 1 |
_aالموصل : _bوزارة التعليم العالي و البحث العلمي - جامعة الموصل، _c1988. |
|
| 300 | _a216ص | ||
| 650 | 1 | 7 | _aتدقيق الحسابات |
| 650 | 1 | 7 | _aالمحاسبة |
| 942 |
_2ddc _cBK |
||
| 999 |
_c19091 _d19091 |
||